Statistics for States With the Tallest Mountains

Click here to take the quiz!

General Stats

  • This quiz has been taken 27 times
  • The average score is 9 of 10

Answer Stats

HintAnswer% Correct
20310 FTAlaska
100%
14440 FTColorado
100%
12807 FTMontana
100%
14505 FTCalifornia
96%
13534 FTUtah
96%
14417 FTWashington
96%
13803 FTHawaii
91%
13809 FTWyoming
91%
13147 FTNevada
87%
13167 FTNew Mexico
87%

Score Distribution

Percentile by Number Answered

Percent of People with Each Score

Your Score History

You have not taken this quiz